Advanced grammar in use: a self-study reference and practice book for advanced learners of english, with answers

保存先:
書誌詳細
第一著者: Hewings, Martin (著者)
フォーマット: 図書
言語:英語
出版事項: Cambridge Cambridge University 2005
版:1a. ed
主題:
タグ: タグ追加
タグなし, このレコードへの初めてのタグを付けませんか!

MARC

LEADER 00000nam a2200000 a 4500
001 UCJ0519
003 CL-VaPUC
008 060811e20050000uk |||||||||||||||||eng|d
020 |a 0521614031 
082 0 4 |a 425  |b HEW  |2 21 
100 |a Hewings, Martin  |e author  |9 616112 
245 1 0 |a Advanced grammar in use: a self-study reference and practice book for advanced learners of english, with answers 
250 |a 1a. ed 
300 |a 294 p 
942 |c BK 
945 |d 20060811 00:00:00  |a cmena 
260 |a Cambridge  |b Cambridge University  |c 2005 
500 |a Incluye Cd-Rom 
650 0 |a Gramática inglesa  |9 392981 
650 0 |a Lengua inglesa  |9 318842 
650 0 |a Enseñanza del inglés  |9 367340 
650 0 |a Educación lingüística  |9 306506 
583 |a last modification  |c 20130806 05:39:17  |k Rodrigo Vera 
999 |c 317352  |d 317350 
952 |0 0  |1 0  |4 0  |6 425_000000000000000_HEW_2005  |7 0  |8 A  |9 393637  |a BIBEDU  |b BIBEDU  |d 2019-11-22  |i 4262913  |o 425 HEW 2005  |p 4262913  |r 2019-11-22  |w 2019-11-22  |y BK  |k LIT 
952 |0 0  |1 0  |4 0  |6 425_000000000000000_HEW_2005  |7 0  |8 A  |9 393638  |a BIBEDU  |b BIBEDU  |d 2019-11-22  |i 4262921  |l 1  |o 425 HEW 2005  |p 4262921  |r 2024-11-12  |s 2024-11-11  |w 2019-11-22  |y BK  |k LIT 
952 |0 0  |1 0  |4 0  |6 425_000000000000000_HEW_2005  |7 0  |8 A  |9 393639  |a BIBEDU  |b BIBEDU  |d 2019-11-22  |i 426293K  |o 425 HEW 2005  |p 426293K  |r 2019-11-22  |w 2019-11-22  |y BK  |k LIT 
952 |0 0  |1 0  |4 0  |6 425_000000000000000_HEW_2005  |7 0  |8 A  |9 393640  |a BIBEDU  |b BIBEDU  |d 2019-11-22  |i 4262948  |o 425 HEW 2005  |p 4262948  |r 2019-11-22  |w 2019-11-22  |y BK  |k LIT 
952 |0 0  |1 0  |4 0  |6 425_000000000000000_HEW_2005  |7 0  |8 A  |9 393641  |a BIBEDU  |b BIBEDU  |d 2019-11-22  |i 4262956  |o 425 HEW 2005  |p 4262956  |r 2019-11-22  |w 2019-11-22  |y BK  |k LIT